Diccionario de autoridades. Edición Facsímil. A-C, D-Ñ, O-Z

שמור ב:
מידע ביבליוגרפי
מחבר תאגידי: Real Academia Española de la Lengua (Author)
פורמט: ספר
שפה:ספרדית
יצא לאור: Madrid Gredos 1964
מהדורה:1a. ed
סדרה:Biblioteca Románica Hispánica
נושאים:
תגים: הוספת תג
אין תגיות, היה/י הראשונ/ה לתייג את הרשומה!

MARC

LEADER 00000nam a2200000 a 4500
001 UCJ7151
003 CL-VaPUC
008 070124e19641231SP |||||||||||||||||spa|d
082 0 4 |a 463  |b REA  |2 21 
110 2 |a Real Academia Española de la Lengua  |e author  |9 515233 
245 1 0 |a Diccionario de autoridades. Edición Facsímil. A-C, D-Ñ, O-Z 
250 |a 1a. ed 
300 |a 3 v 
942 |c BK 
945 |d 20070124 00:00:00  |a rinostro 
260 |a Madrid  |b Gredos  |c 1964 
500 |a 8§, media pasta.- Anteport.- v. en b.- port. a dos tintas.- v. en b.- 
650 7 |a DICCIONARIO  |2 CL-VaPUC  |9 515234 
650 7 |a ETIMOLOGIAS  |2 CL-VaPUC  |9 505919 
583 |a last modification  |c 20070124 00:00:00  |k Rodrigo Vera 
490 0 |a Biblioteca Románica Hispánica 
999 |c 323251  |d 323249 
952 |0 0  |1 0  |4 0  |6 463_000000000000000_REA_1964  |7 0  |8 X  |9 402710  |a FDOBUD  |b FDOBUD  |d 2019-11-22  |h v.1  |i 1059270  |o 463 REA 1964  |p 1059270  |r 2019-11-22  |w 2019-11-22  |y BK_X  |k BUD 
952 |0 0  |1 0  |4 0  |6 463_000000000000000_REA_1964  |7 0  |8 X  |9 402711  |a FDOBUD  |b FDOBUD  |d 2019-11-22  |h v.2  |i 1059289  |o 463 REA 1964  |p 1059289  |r 2019-11-22  |w 2019-11-22  |y BK_X  |k BUD 
952 |0 0  |1 0  |4 0  |6 463_000000000000000_REA_1964  |7 0  |8 X  |9 402712  |a FDOBUD  |b FDOBUD  |d 2019-11-22  |h v.3  |i 1059297  |o 463 REA 1964  |p 1059297  |r 2019-11-22  |w 2019-11-22  |y BK_X  |k BUD